MARC

LEADER 00000nam0a2200000 4500
001 324934
005 20231102003720.0
035 |a (RuTPU)RU\TPU\book\350545 
090 |a 324934 
100 |a 20161124d1971 km y0rusy50 ca 
101 1 |a rus  |c ger 
102 |a RU 
105 |a y z 000zb 
200 1 |a Статьи, корреспонденции, рецензии  |e пер. с нем.  |f Р. Зорге 
210 |a Москва  |c Изд-во Московского ун-та  |d 1971 
215 |a 221 с. 
600 1 |a Зорге  |b Р.  |c российский разведчик, журналист  |f 1895-1944  |g Рихард  |c Герой Советского Союза  |2 stltpush  |3 (RuTPU)RU\TPU\pers\24876 
606 1 |a Япония  |x История  |2 stltpush  |3 (RuTPU)RU\TPU\subj\69156  |9 84123 
610 1 |a разведчики 
610 1 |a разведывательная деятельность 
610 1 |a Россия 
610 1 |a журналисты 
610 1 |a Вторая мировая война 1939-1945 
610 1 |a статьи 
610 1 |a корреспонденция 
610 1 |a рецензии 
686 |a Т3(5Япо)  |2 rubbk 
700 1 |a Зорге  |b Р.  |g Рихард 
801 1 |a RU  |b 63413507  |c 20161124 
801 2 |a RU  |b 63413507  |c 20200724  |g RCR 
942 |c BK